000 00334nam a2200133Ia 4500
008 220216s9999 xx 000 0 und d
100 _aOuseph T.
245 0 _aShortage of skilled tappers hits smallholdings
260 _bRubber Asia
_c1996
300 _a35-36
650 _aSmallholdings
650 _aTapper shortage
942 _cBS
999 _c51587
_d51587